000 00282cam a22000977a 4500
008 180718b1950 xxu||||| |||| 00| 0 eng d
082 _aK8503x5451 H995
245 _aThe Hyderabad provident fund act no. xxi of 1357 Fasli
260 _aHyderabad
_bGovernment Press
_c1950
300 _a6p.
999 _c429241
_d429241